Quizzes
Events
Quiz Creation
Community
Videos
Private Events
Remove Ads
Sign In
Join for FREE
Feedback
Dark Mode
Quiz Categories
Sports
Geography
Music
Movies
Television
Just For Fun
Miscellaneous
History
Literature
Language
Science
Gaming
Entertainment
Religion
Holiday
For Kids
Quiz Lab
Recent
Popular Today
Quiz Kudos Today
Editor Picks
Curator Picks
Quizzes by...
Day
Popularity
Type
Ratings
Length
Year
Community
Subscriptions
Recent Discussions
Orange Saloon
Badges
Playlists
Quests
Create
Leaderboards
Showdown
Live 5
Trivia Bingo
Activity
Puzzle Library
Sporcle Events
Private Events
Virtual Trivia
Globe League
Become a Host
Pub Owners
SporcleCon
Opinionation
Our Games
Videos
Blog
Mobile Apps
Partnerships
Remove Ads and Go Orange
Feedback
Sports
Athletes
MLB
NBA
NHL
NFL
Soccer
Sports Teams
WWE
NCAA
Football
Premier League
Basketball
Baseball
Hockey
Golf
Tennis
Cricket
Rugby
Auto Racing
Olympics
World Cup
Sports
Athletes
MLB
NBA
NHL
NFL
Soccer
Sports Teams
WWE
NCAA
Football
Premier League
Basketball
Baseball
Hockey
Golf
Tennis
Cricket
Rugby
Auto Racing
Olympics
World Cup
Random Quiz
Search Sporcle
×
Quiz Lab
Quiz Lab
Sports
NFL
Type in answers that appear in a list
Type in answers that appear in a list
Classic
Best Score? Go Orange.
Brett Favre Career Touchdowns Stats
Can you name the NFL teams against which Brett Favre has the most career touchdowns (pass/rush, excl playoffs)?
By
km3t
5m
32 Questions
232 Plays
232 Plays
232 Plays
Comments
Comments
Give Quiz Kudos
Give Quiz Kudos
-
- Ratings
hide this ad
Forced Order
Answers have to be entered in order
Answers have to be entered in order
Replay
Link that replays current quiz
Next Quiz
Link to next quiz in quiz playlist
You Got
0%
They Got
Avg Score
23%
Avg Friend Score
Upgrade to see
Score Distribution
Jump to the score distribution portion of the page
Score
0/32
Timer
05:00
0
Plays Today
Touchdowns
Opponent
% Correct
61
Chicago Bears
100%
58
Detroit Lions
97.4%
55
Minnesota Vikings
97%
37
Tampa Bay Buccaneers
55.2%
23
Carolina Panthers
35.8%
21
St. Louis Rams
35.3%
7
Green Bay Packers
23.3%
15
Dallas Cowboys
22%
15
San Francisco 49ers
22%
1
Houston Texans
21.6%
14
Arizona Cardinals
18.1%
14
New York Giants
17.7%
12
Philadelphia Eagles
16.8%
16
San Diego Chargers
15.1%
13
New Orleans Saints
14.2%
9
Atlanta Falcons
12.9%
Touchdowns
Opponent
% Correct
5
New York Jets
12.5%
10
Buffalo Bills
11.6%
11
Oakland Raiders
10.8%
4
Washington Redskins
10.8%
9
Indianapolis Colts
10.3%
9
Seattle Seahawks
10.3%
13
Baltimore Ravens
9.9%
10
New England Patriots
9.9%
8
Jacksonville Jaguars
9.5%
4
Pittsburgh Steelers
9.5%
10
Miami Dolphins
9.1%
9
Cincinnati Bengals
8.6%
9
Kansas City Chiefs
8.6%
10
Tennessee Titans
8.2%
8
Denver Broncos
8.2%
7
Cleveland Browns
7.8%
Quiz Playlist
Details
Report
Send in Message
Add To Playlist
Classic:
Type in answers that appear in a list
Forced Order:
Answers have to be entered in order
Quiz Source
Last Updated: Feb 16, 2017
Quiz Scoreboard
CHALLENGE
Sign Up to Join the Scoreboard
Show All
Scores
Hide
Comments
May contain spoilers
Recently Published
College Basketball Coaching Resumes
by pancakes188
Sports
9m
Billboard Blitz: Fleetwood Mac
by CooCooCachoo
Music
15s
Presidents Visiting Landmarks
by Hejman
History
7m
More to Explore
Quiz From the Vault
Featured Blog Post
Where Did the Easter Bunny Come From?
hide this ad
You Might Also Like...
Tags
NFL Quiz
Against
brett
Brett Favre
Career
Excl
opponent
Passing
Playoff
rush
team
Touchdown
Today's Top Quizzes in Sports
Browse Sports
hide this ad
Today's Top Quizzes in NFL
Browse NFL
Top Contributed Quizzes in Sports
1
2022 World Cup Stars
2
Les meilleurs buteurs des matchs entre le PSG et l’OM
3
FIFA Club World Cup Champions
4
Les entraîneurs de l'OM et du PSG au 21e siècle
5
Criteria MLB: Left Handed Sluggers
6
AFC Teams Reveal (Wrong Answers Minefield)
7
2023 MLB Unique Player Accomplishments
8
Players with Multiple 50 Home Run Seasons
9
5-to-1: FBS Animal Nicknames
10
5-to-1: UK Sports Teams
Explore More
Trending Topics
Anime
Harry Potter
Crossword
Kpop
Marvel
NBA
Disney
NFL
Puzzle
Soccer
Country
Song
WWE
The Office
Pokémon
hide this ad
More By:
km3t
Quiz
Plays
Rating
Category
Featured
Created
Olympic Boycott Countries (1980 & 1984)
24,763
4.49
Sports
Dec 17, 2009
Largest Metro Areas without Big 4 Sports
947
3.85
Miscellaneous
Jan 14, 2010
NHL Trades - Easy Version
628
3.50
Sports
Jan 12, 2010
NHL Trades 2 - Difficult Version
391
5.00
Sports
Jan 12, 2010
NFL Final Standings 1985
378
3.40
Sports
Feb 5, 2010
Go to Creator's Profile
Score Distribution
Quiz Creator Spotlight
km3t
Follow
Send a Message
Quizzes Created
-
Created Quiz Play Count
-
More By This Creator
Popular Quizzes Today
1
Find the US States - No Outlines Minefield
2
Find the Countries of Europe - No Outlines Minefield
3
The Countries of the World
4
Find the US States
5
Risky Map Clicking: Biggest States A-Z
6
US States
7
Popular People in 1961
8
Movies - When Are They Set?
More Sports Quizzes
Affiliated Minor League Teams - 2020
Quiz Lab
Trending Quizzes
Risky Map Clicking: Least Populous States A-Z
1-10 Letter G Words
1-10 Letter F Words
Risky Map Clicking: Next State Alphabetically
Risky Map Clicking: Biggest States A-Z
Recently Updated
Leaping Animals
pecheneg
Reality TV Shows (A-Z)
bhenderson79
Rickey Henderson's Hall of Fame Teammates
pecheneg
Champions League XIs: Arsenal
pecheneg
Quick Pick: Celebrities in WWE's Hall of Fame
aduchscher
A-Z Keypad Blitz II
pecheneg
Multiple Oscar Actors
pecheneg
Mystery Phrase Blitz: Oscar 'Best Actors'
pecheneg
F. Scott Fitzgerald Novels
LTH
Pick 3 Villains
ddd62291
Trending Topics
Disney
Crossword
Marvel
Kpop
Harry Potter
Anime
NBA
Puzzle
The Office
Pokémon
NFL
WWE
Soccer
Country
Song
Your Account Isn't Verified!
In order to create a playlist on Sporcle, you need to verify the email address you used during registration. Go to your
Sporcle Settings
to finish the process.
Report this User
Report this user for behavior that violates our
Community Guidelines
.
Details:
Send Report
Go to the Sporcle.com Mobile Site →
Comments